[Event "GBR-ch105 Major Open"]
[Site "Hull"]
[Date "2018.07.31"]
[Round "4"]
[White "Kirupakaran, Vishnu"]
[Black "Jaufarally, Nadia"]
[Result "1/2-1/2"]
[WhiteElo "1812"]
[BlackElo "1988"]
[PlyCount "111"]
[EventDate "2018.07.28"]
[EventType "swiss"]
[EventRounds "9"]
[EventCountry "GBR"]
[SourceTitle "CBM 185 Extra"]
[Source "ChessBase"]
[SourceDate "2018.06.29"]
[SourceVersion "1"]
[SourceVersionDate "2018.06.29"]
[SourceQuality "1"]

1. e4 c5 2. Nf3 g6 3. d4 cxd4 4. Nxd4 Nc6 5. c4 Nf6 6. Nc3 d6 7. Be2 Nxd4 8.
Qxd4 Bg7 9. Be3 O-O 10. Qd2 Be6 11. O-O Qa5 12. f3 Rfc8 13. b3 a6 14. f4 b5 15.
f5 Bd7 16. fxg6 hxg6 17. Rad1 Be6 18. Nd5 Qxd2 19. Bxd2 Nxd5 20. cxd5 Bd7 21.
Rc1 Bd4+ 22. Kh1 Kg7 23. Bd3 Rxc1 24. Rxc1 Rc8 25. Rxc8 Bxc8 26. g3 Bb7 27. Kg2
Kf6 28. Kf3 e6 29. dxe6 Kxe6 30. Kg4 Bg1 31. h4 Ke5 32. Bf4+ Kd4 33. Bb1 Kc3
34. Bxd6 Kb2 35. Bd3 Kxa2 36. b4 Kb3 37. Kg5 Bd4 38. g4 Bc8 39. h5 Be3+ 40. Kh4
Bf2+ 41. Bg3 Be3 42. hxg6 fxg6 43. e5 g5+ 44. Kh5 Bf4 45. Be1 Bxg4+ 46. Kxg4
Bxe5 47. Kxg5 Bc3 48. Bg3 Bxb4 49. Bf5 a5 50. Be6+ Kb2 51. Bd7 Bd2+ 52. Kf5 b4
53. Bc7 b3 54. Bxa5 Bxa5 55. Ba4 Ka3 56. Bxb3 1/2-1/2

[Event "GBR-ch105 Major Open"]
[Site "Hull"]
[Date "2018.07.31"]
[Round "4"]
[White "Milewska, Agnieszka"]
[Black "Sheppard, Derek Alan"]
[Result "1/2-1/2"]
[WhiteElo "1778"]
[BlackElo "1747"]
[PlyCount "66"]
[EventDate "2018.07.28"]
[EventType "swiss"]
[EventRounds "9"]
[EventCountry "GBR"]
[SourceTitle "CBM 185 Extra"]
[Source "ChessBase"]
[SourceDate "2018.06.29"]
[SourceVersion "1"]
[SourceVersionDate "2018.06.29"]
[SourceQuality "1"]

1. d4 e6 2. c4 d5 3. e3 Nf6 4. Nc3 Be7 5. Nf3 O-O 6. cxd5 exd5 7. Be2 c6 8. O-O
Bg4 9. h3 Bxf3 10. Bxf3 Nbd7 11. b3 Qa5 12. Bb2 Ba3 13. Bxa3 Qxa3 14. Qc2 a5
15. Ne2 Rfe8 16. Ng3 g6 17. Rfe1 Re7 18. e4 dxe4 19. Nxe4 Nxe4 20. Rxe4 Rae8
21. Rxe7 Qxe7 22. Rd1 Nf6 23. Qc3 Qa3 24. Qc2 Qb4 25. Qc4 Re1+ 26. Kh2 Qd6+ 27.
g3 Rxd1 28. Bxd1 Ne4 29. Kg2 h5 30. Qd3 Nf6 31. Bf3 Nd5 32. a4 Kg7 33. Qc4 Nf6
1/2-1/2

[Event "GBR-ch105 Major Open"]
[Site "Hull"]
[Date "2018.07.31"]
[Round "4"]
[White "Ogunshola, Ben"]
[Black "Whitehead, Mark A"]
[Result "1-0"]
[WhiteElo "2143"]
[BlackElo "1906"]
[PlyCount "91"]
[EventDate "2018.07.28"]
[EventType "swiss"]
[EventRounds "9"]
[EventCountry "GBR"]
[SourceTitle "CBM 185 Extra"]
[Source "ChessBase"]
[SourceDate "2018.06.29"]
[SourceVersion "1"]
[SourceVersionDate "2018.06.29"]
[SourceQuality "1"]

1. c4 e5 2. Nc3 Nc6 3. g3 g6 4. Bg2 Bg7 5. d3 d6 6. Rb1 a5 7. a3 f5 8. b4 axb4
9. axb4 Nf6 10. b5 Nd4 11. e3 Ne6 12. Nge2 O-O 13. O-O Rb8 14. Qc2 Bd7 15. Nd5
Nh5 16. Bd2 Kh8 17. Kh1 c6 18. bxc6 bxc6 19. Rxb8 Qxb8 20. Rb1 Qd8 21. Nb6 Be8
22. f4 exf4 23. Nxf4 Nexf4 24. exf4 Nf6 25. h3 c5 26. Kh2 Bf7 27. Bc3 h6 28.
Qb2 Ne8 29. Nd5 Bxd5 30. Bxd5 Bxc3 31. Qxc3+ Qf6 32. Qa5 Ng7 33. Qc7 g5 34. Rb6
Ne8 35. fxg5 hxg5 36. Qd7 f4 37. Qg4 fxg3+ 38. Qxg3 Qf4 39. Qxf4 gxf4 40. Rb8
Kg7 41. Kg2 Nf6 42. Rxf8 Kxf8 43. Kf3 Kg7 44. Kxf4 Ne8 45. Kf5 Nc7 46. h4 1-0

[Event "GBR-ch105 Major Open"]
[Site "Hull"]
[Date "2018.07.31"]
[Round "4"]
[White "Orgler, Philipp"]
[Black "Hubbard, Michael"]
[Result "0-1"]
[WhiteElo "2050"]
[BlackElo "1888"]
[PlyCount "64"]
[EventDate "2018.07.28"]
[EventType "swiss"]
[EventRounds "9"]
[EventCountry "GBR"]
[SourceTitle "CBM 185 Extra"]
[Source "ChessBase"]
[SourceDate "2018.06.29"]
[SourceVersion "1"]
[SourceVersionDate "2018.06.29"]
[SourceQuality "1"]

1. d4 d6 2. e4 Nf6 3. Nc3 c6 4. f4 Qa5 5. Bd3 e5 6. Nf3 exd4 7. Nxd4 g6 8. Bd2
Qc7 9. Nf3 Bg7 10. O-O O-O 11. Kh1 Re8 12. Qe1 Nbd7 13. Qh4 b5 14. a3 a6 15. f5
Bb7 16. Ng5 c5 17. fxg6 fxg6 18. Nd5 Bxd5 19. exd5 Nf8 20. c4 bxc4 21. Bxc4 h6
22. Ne6 Nxe6 23. dxe6 g5 24. Qe1 d5 25. Rxf6 dxc4 26. Rg6 Qc6 27. Bc3 Ra7 28.
Qe5 Ree7 29. Rf1 Qc7 30. Qe4 Qd8 31. h3 Qd3 32. Qe1 Qxg6 0-1

[Event "GBR-ch105 Major Open"]
[Site "Hull"]
[Date "2018.07.31"]
[Round "4"]
[White "Ramaiya, Anshu"]
[Black "Turner, Tim M"]
[Result "1/2-1/2"]
[WhiteElo "1846"]
[BlackElo "1805"]
[PlyCount "48"]
[EventDate "2018.07.28"]
[EventType "swiss"]
[EventRounds "9"]
[EventCountry "GBR"]
[SourceTitle "CBM 185 Extra"]
[Source "ChessBase"]
[SourceDate "2018.06.29"]
[SourceVersion "1"]
[SourceVersionDate "2018.06.29"]
[SourceQuality "1"]

1. e4 e6 2. d4 d5 3. Nd2 Nf6 4. e5 Nfd7 5. Bd3 c5 6. c3 Nc6 7. Ne2 cxd4 8. cxd4
f6 9. exf6 Nxf6 10. O-O Bd6 11. Nf3 Qc7 12. g3 O-O 13. Bf4 e5 14. dxe5 Nxe5 15.
Nxe5 Bxe5 16. Rc1 Qd6 17. Qb3 Kh8 18. Bxe5 Qxe5 19. Nf4 b6 20. Qc3 Qg5 21. f3
Bd7 22. Qd2 Bf5 23. Bxf5 Qxf5 24. Rfe1 Rac8 1/2-1/2

[Event "GBR-ch105 Major Open"]
[Site "Hull"]
[Date "2018.07.31"]
[Round "4"]
[White "Rice, Christopher B"]
[Black "McCarthy, Damian"]
[Result "0-1"]
[WhiteElo "1972"]
[BlackElo "1867"]
[PlyCount "60"]
[EventDate "2018.07.28"]
[EventType "swiss"]
[EventRounds "9"]
[EventCountry "GBR"]
[SourceTitle "CBM 185 Extra"]
[Source "ChessBase"]
[SourceDate "2018.06.29"]
[SourceVersion "1"]
[SourceVersionDate "2018.06.29"]
[SourceQuality "1"]

1. c4 e6 2. g3 d5 3. Bg2 Nf6 4. Nf3 Nbd7 5. b3 Bd6 6. Bb2 c6 7. O-O O-O 8. d3
b6 9. Nbd2 Bb7 10. Qc2 Qe7 11. a3 a5 12. e4 dxe4 13. dxe4 e5 14. Rfe1 Rfd8 15.
Nf1 Bc7 16. Qc3 Ne8 17. Ne3 g6 18. Ng4 f6 19. h4 Nc5 20. Re3 Bc8 21. Ngh2 Be6
22. g4 a4 23. b4 Nb3 24. Rae1 Rd4 25. Bf1 Rad8 26. Qc2 R4d7 27. g5 c5 28. b5
Qf7 29. gxf6 Qxf6 30. Ng5 Rd2 0-1

[Event "GBR-ch105 Major Open"]
[Site "Hull"]
[Date "2018.07.31"]
[Round "4"]
[White "Ruane, Brendan J"]
[Black "Royal, Shreyas"]
[Result "0-1"]
[WhiteElo "1868"]
[BlackElo "1927"]
[PlyCount "126"]
[EventDate "2018.07.28"]
[EventType "swiss"]
[EventRounds "9"]
[EventCountry "GBR"]
[SourceTitle "CBM 185 Extra"]
[Source "ChessBase"]
[SourceDate "2018.06.29"]
[SourceVersion "1"]
[SourceVersionDate "2018.06.29"]
[SourceQuality "1"]

1. e4 c5 2. Nf3 d6 3. g3 Nc6 4. Bg2 g6 5. O-O Bg7 6. c3 e5 7. d3 Nge7 8. Re1
O-O 9. a3 a5 10. a4 Be6 11. Na3 Qd7 12. Ng5 Bg4 13. f3 Be6 14. Be3 f5 15. Bh3
Kh8 16. Nxe6 Qxe6 17. Nb5 Qf6 18. f4 Rad8 19. Rf1 b6 20. Qd2 d5 21. fxe5 Qxe5
22. Bf4 Qe6 23. exf5 Nxf5 24. Rae1 Qg8 25. Bxf5 Rxf5 26. Bc7 Rdf8 27. Rxf5 Rxf5
28. Bxb6 Ne5 29. Rxe5 Bxe5 30. Bxc5 Qe6 31. Bd4 Qf6 32. Kg2 Rh5 33. Qe2 Qe6 34.
Qf2 Kg8 35. Bxe5 Rxe5 36. Nd4 Qe8 37. Qf6 Re3 38. Kh3 Qf7 39. Qxf7+ Kxf7 40.
Nc6 Ke6 41. Nxa5 Rxd3 42. Nb3 Kd6 43. Kg4 Rd1 44. Kg5 Rb1 45. h4 Rxb2 46. Nd4
Rb7 47. g4 Kc5 48. Kf6 Kc4 49. Nb5 Kb3 50. Ke6 Kxa4 51. Nd6 Rc7 52. Kxd5 Rxc3
53. Ke5 Rh3 54. h5 gxh5 55. g5 Rg3 56. Kf5 h4 57. Ne4 Rg1 58. Nc3+ Kb3 59. Ne2
Rg2 60. Nf4 Rg1 61. Nh3 Rg3 62. Nf4 h3 63. Ne2 Rg2 0-1

[Event "GBR-ch105 Major Open"]
[Site "Hull"]
[Date "2018.07.31"]
[Round "4"]
[White "Rushbrooke, Remy"]
[Black "Taylor, Adam A"]
[Result "0-1"]
[WhiteElo "1889"]
[BlackElo "2146"]
[PlyCount "60"]
[EventDate "2018.07.28"]
[EventType "swiss"]
[EventRounds "9"]
[EventCountry "GBR"]
[SourceTitle "CBM 185 Extra"]
[Source "ChessBase"]
[SourceDate "2018.06.29"]
[SourceVersion "1"]
[SourceVersionDate "2018.06.29"]
[SourceQuality "1"]

1. d4 Nf6 2. Nc3 d5 3. Bg5 e6 4. e4 dxe4 5. Nxe4 Be7 6. Bxf6 gxf6 7. c4 f5 8.
Nc3 Nc6 9. d5 Ne5 10. Nf3 Bf6 11. Nxe5 Bxe5 12. g3 Qf6 13. Qd3 Bd7 14. Bg2 Rd8
15. O-O-O b6 16. Rhe1 O-O 17. Re3 Kh8 18. f4 Bd6 19. h3 Rg8 20. Rh1 Bxf4 21.
gxf4 Rxg2 22. Re5 Bc8 23. Qf3 Rdg8 24. dxe6 Bxe6 25. Re2 Rxe2 26. Qxe2 Qd4 27.
Rd1 Qxf4+ 28. Kb1 h6 29. Nd5 Bxd5 30. cxd5 Qe4+ 0-1

[Event "GBR-ch105 Major Open"]
[Site "Hull"]
[Date "2018.07.31"]
[Round "4"]
[White "Salmons, Calum"]
[Black "Jones, Steven"]
[Result "0-1"]
[WhiteElo "1923"]
[BlackElo "2203"]
[PlyCount "100"]
[EventDate "2018.07.28"]
[EventType "swiss"]
[EventRounds "9"]
[EventCountry "GBR"]
[SourceTitle "CBM 185 Extra"]
[Source "ChessBase"]
[SourceDate "2018.06.29"]
[SourceVersion "1"]
[SourceVersionDate "2018.06.29"]
[SourceQuality "1"]

1. e4 e5 2. Nf3 Nc6 3. d4 exd4 4. Bc4 Bc5 5. c3 Nf6 6. cxd4 Bb4+ 7. Bd2 Nxe4 8.
Bxb4 Nxb4 9. Bxf7+ Kxf7 10. Qb3+ Kf8 11. Qxb4+ Qe7 12. Qxe7+ Kxe7 13. Nc3 Nxc3
14. bxc3 d6 15. Kd2 Rf8 16. Rhe1+ Kd8 17. h3 Bxh3 18. gxh3 Rxf3 19. Re2 Kd7 20.
Rae1 Rf7 21. f4 g6 22. d5 Rb8 23. h4 c6 24. c4 cxd5 25. cxd5 Rc8 26. Kd3 Rc5
27. Kd4 Rxf4+ 28. Re4 Rxe4+ 29. Rxe4 b5 30. Re2 Rc4+ 31. Kd3 Rxh4 32. Rf2 Kc7
33. Rf7+ Kb6 34. Rd7 Kc5 35. Rxa7 Kxd5 36. Rb7 Rh3+ 37. Kc2 Kc6 38. Ra7 h5 39.
Rg7 Rg3 40. Rh7 Rg4 41. Rh8 h4 42. Rc8+ Kb7 43. Rd8 Kc7 44. Rh8 g5 45. Rh7+ Kc6
46. Rh8 Rg3 47. Rh5 h3 48. Rh8 g4 49. Rh7 Rg2+ 50. Kb3 h2 0-1

[Event "GBR-ch105 Major Open"]
[Site "Hull"]
[Date "2018.07.31"]
[Round "4"]
[White "Shaw, Peter"]
[Black "Modi, Kishan Jagdish"]
[Result "1-0"]
[WhiteElo "2093"]
[BlackElo "1938"]
[PlyCount "81"]
[EventDate "2018.07.28"]
[EventType "swiss"]
[EventRounds "9"]
[EventCountry "GBR"]
[SourceTitle "CBM 185 Extra"]
[Source "ChessBase"]
[SourceDate "2018.06.29"]
[SourceVersion "1"]
[SourceVersionDate "2018.06.29"]
[SourceQuality "1"]

1. d4 d5 2. Bf4 Nf6 3. e3 c5 4. c3 Nc6 5. Nd2 Bf5 6. Qb3 Qd7 7. Ngf3 c4 8. Qd1
e6 9. Be2 Be7 10. Ne5 Nxe5 11. Bxe5 O-O 12. g4 Be4 13. Rg1 b5 14. g5 Ne8 15.
Nxe4 dxe4 16. Qc2 Qd5 17. Rg4 b4 18. h4 bxc3 19. bxc3 Ba3 20. Rb1 f5 21. gxf6
Nxf6 22. Bxf6 Rxf6 23. Qxe4 Raf8 24. Qxd5 exd5 25. f4 Rf5 26. Bf3 Be7 27. h5 a6
28. Rb7 Bf6 29. Rd7 Rxh5 30. Rgxg7+ Bxg7 31. Bxh5 Rb8 32. Bf7+ Kf8 33. Bxd5
Rb1+ 34. Ke2 Rb2+ 35. Kf3 Rxa2 36. Bxc4 Rc2 37. Rf7+ Kg8 38. Rf6+ Kh8 39. Rxa6
Bxd4 40. cxd4 Rxc4 41. f5 1-0

[Event "GBR-ch105 Major Open"]
[Site "Hull"]
[Date "2018.07.31"]
[Round "4"]
[White "Somton, Anita"]
[Black "Modi, Shyam Jagdish"]
[Result "0-1"]
[WhiteElo "1843"]
[BlackElo "1973"]
[PlyCount "104"]
[EventDate "2018.07.28"]
[EventType "swiss"]
[EventRounds "9"]
[EventCountry "GBR"]
[SourceTitle "CBM 185 Extra"]
[Source "ChessBase"]
[SourceDate "2018.06.29"]
[SourceVersion "1"]
[SourceVersionDate "2018.06.29"]
[SourceQuality "1"]

1. e4 c5 2. Nc3 Nc6 3. f4 g6 4. Nf3 Bg7 5. Bb5 Nd4 6. O-O Nxb5 7. Nxb5 d5 8.
exd5 a6 9. Nc3 Nf6 10. d3 Nxd5 11. Nxd5 Qxd5 12. Qe1 Bf5 13. Ne5 O-O 14. Kh1 b5
15. a4 f6 16. Nf3 Bd7 17. axb5 axb5 18. Rxa8 Rxa8 19. Bd2 e5 20. fxe5 fxe5 21.
Ng5 Bc6 22. Ne4 c4 23. Qe2 cxd3 24. cxd3 Rd8 25. Rf3 Qb3 26. Be1 b4 27. h3 Qa4
28. Kh2 Qb5 29. Bf2 Qb7 30. Qc2 Bd5 31. Bc5 b3 32. Qc3 Qc6 33. Re3 Rc8 34. Bb4
Qb7 35. Nc5 Qf7 36. Qe1 Qf4+ 37. g3 Qd4 38. Re2 Rxc5 39. Bxc5 Qxc5 40. Qa1 h5
41. Qe1 Qd4 42. Qd2 Kh7 43. Qe3 Qb4 44. Qf2 Qb5 45. Qe3 Bb7 46. Re1 Qd5 47. Qe2
h4 48. g4 Bh6 49. Qe4 Bf4+ 50. Kg1 Qc5+ 51. d4 Qb5 52. Qe2 Qd5 0-1

[Event "GBR-ch105 Major Open"]
[Site "Hull"]
[Date "2018.07.31"]
[Round "4"]
[White "Starley, Robert"]
[Black "Brewer, Callum D"]
[Result "1/2-1/2"]
[WhiteElo "2107"]
[BlackElo "2064"]
[PlyCount "101"]
[EventDate "2018.07.28"]
[EventType "swiss"]
[EventRounds "9"]
[EventCountry "GBR"]
[SourceTitle "CBM 185 Extra"]
[Source "ChessBase"]
[SourceDate "2018.06.29"]
[SourceVersion "1"]
[SourceVersionDate "2018.06.29"]
[SourceQuality "1"]

1. e4 c5 2. Nf3 e6 3. d4 cxd4 4. Nxd4 Nc6 5. Nb5 d6 6. Bf4 e5 7. Be3 Nf6 8. Bc4
a6 9. N5c3 Be7 10. f3 b5 11. Bb3 O-O 12. Nd5 Nxd5 13. Bxd5 Bb7 14. O-O Rc8 15.
a3 Qc7 16. Nc3 Na5 17. Kh1 Nc4 18. Bc1 Nb6 19. Bxb7 Qxb7 20. Qd3 Rc6 21. Rf2 d5
22. exd5 Rd6 23. Be3 Nxd5 24. Qe4 Qd7 25. Nxd5 Rxd5 26. c3 Rd8 27. Rff1 f5 28.
Qc2 g6 29. Qb3 Qc6 30. Rad1 Qc4 31. Qc2 Kg7 32. h3 Rd3 33. Rxd3 Qxd3 34. Qf2
Bh4 35. Qg1 Qe2 36. Bf2 Bf6 37. Bb6 Rd2 38. Rf2 Qd3 39. Rxd2 Qxd2 40. Qf2 Qxf2
41. Bxf2 Kf7 42. b3 Ke6 43. c4 bxc4 44. bxc4 Be7 45. a4 Bb4 46. Kg1 Kd6 47. Kf1
Bc5 48. Be1 Bd4 49. Bb4+ Bc5 50. Bc3 Bd4 51. Bb4+ 1/2-1/2

[Event "GBR-ch105 Major Open"]
[Site "Hull"]
[Date "2018.07.31"]
[Round "4"]
[White "Tomy, Jeff"]
[Black "Easwar, Dhruv"]
[Result "0-1"]
[WhiteElo "1683"]
[BlackElo "1793"]
[PlyCount "68"]
[EventDate "2018.07.28"]
[EventType "swiss"]
[EventRounds "9"]
[EventCountry "GBR"]
[SourceTitle "CBM 185 Extra"]
[Source "ChessBase"]
[SourceDate "2018.06.29"]
[SourceVersion "1"]
[SourceVersionDate "2018.06.29"]
[SourceQuality "1"]

1. d4 Nf6 2. c4 e6 3. g3 Bb4+ 4. Bd2 Be7 5. Nf3 d5 6. Bg2 O-O 7. O-O c6 8. Qc2
b6 9. Bf4 Bb7 10. Nbd2 Nbd7 11. e4 dxe4 12. Nxe4 c5 13. Nxf6+ Nxf6 14. Rfd1 Qc8
15. Qe2 cxd4 16. Rxd4 Bc5 17. Rd2 Ne4 18. Rc2 Nxf2 19. Be3 Ng4 20. Bxc5 Qxc5+
21. Kf1 Ne3+ 22. Ke1 Nxc2+ 23. Qxc2 Bxf3 24. Kf1 Bxg2+ 25. Kxg2 Rad8 26. Rf1
Rd4 27. b3 Rfd8 28. Rf2 Qg5 29. h4 Qe3 30. Qe2 Qxe2 31. Rxe2 Rd2 32. Kf3 R8d3+
33. Kf2 Rxe2+ 34. Kxe2 Rxg3 0-1

[Event "GBR-ch105 Major Open"]
[Site "Hull"]
[Date "2018.07.31"]
[Round "4"]
[White "Verma, Shlok"]
[Black "Warren, Alexander"]
[Result "0-1"]
[WhiteElo "1623"]
[BlackElo "2011"]
[PlyCount "82"]
[EventDate "2018.07.28"]
[EventType "swiss"]
[EventRounds "9"]
[EventCountry "GBR"]
[SourceTitle "CBM 185 Extra"]
[Source "ChessBase"]
[SourceDate "2018.06.29"]
[SourceVersion "1"]
[SourceVersionDate "2018.06.29"]
[SourceQuality "1"]

1. d4 Nf6 2. c4 g6 3. Nc3 Bg7 4. e4 d6 5. Nge2 c6 6. Ng3 e5 7. d5 a6 8. Be2 Qc7
9. h4 h5 10. Bg5 Nbd7 11. Qd2 c5 12. O-O Nh7 13. Rfd1 Nxg5 14. hxg5 Nf8 15. a3
Nh7 16. b4 Bd7 17. Rdb1 b6 18. bxc5 Qxc5 19. Qb2 Rb8 20. Qb4 O-O 21. Qxc5 bxc5
22. a4 Nxg5 23. f3 h4 24. Nf1 Bh6 25. Rxb8 Rxb8 26. Rb1 Rxb1 27. Nxb1 Bxa4 28.
Nc3 Bd7 29. Bd1 f5 30. Kf2 fxe4 31. fxe4 Nf7 32. Ne3 Bxe3+ 33. Kxe3 Kg7 34. Na4
Bxa4 35. Bxa4 Nh6 36. Bd7 a5 37. Kf3 g5 38. g4 hxg3 39. Kxg3 Ng8 40. Kf3 Nf6
41. Bb5 Kh6 0-1

[Event "GBR-ch105 Major Open"]
[Site "Hull"]
[Date "2018.07.31"]
[Round "4"]
[White "Villiers, Thomas"]
[Black "Nayak, Raghav"]
[Result "1-0"]
[WhiteElo "2173"]
[BlackElo "1901"]
[PlyCount "127"]
[EventDate "2018.07.28"]
[EventType "swiss"]
[EventRounds "9"]
[EventCountry "GBR"]
[SourceTitle "CBM 185 Extra"]
[Source "ChessBase"]
[SourceDate "2018.06.29"]
[SourceVersion "1"]
[SourceVersionDate "2018.06.29"]
[SourceQuality "1"]

1. d4 Nf6 2. Nc3 d5 3. Bg5 Nbd7 4. Nf3 g6 5. e3 Bg7 6. Bd3 O-O 7. O-O c6 8. Re1
h6 9. Bh4 Re8 10. e4 dxe4 11. Nxe4 Nxe4 12. Bxe4 Nf6 13. Bd3 b6 14. Ne5 Bb7 15.
Bc4 e6 16. c3 Qc8 17. Qe2 Nd5 18. Bg3 c5 19. Rac1 Re7 20. Bd3 Nf6 21. Nf3 Qc6
22. Be5 Rd8 23. Bb5 Qe4 24. dxc5 bxc5 25. Qxe4 Nxe4 26. Rcd1 Rxd1 27. Rxd1 Bxe5
28. Nxe5 Rc7 29. Be8 Nf6 30. Bb5 Kf8 31. Rd8+ Ke7 32. Rh8 h5 33. h4 a6 34. Be2
Rc8 35. Rxc8 Bxc8 36. Bf3 Nd7 37. Nc6+ Kd6 38. Na7 Kc7 39. Nxc8 Kxc8 40. Kf1
Kc7 41. Ke1 a5 42. Kd2 f6 43. Be2 Nf8 44. a3 e5 45. Bc4 g5 46. hxg5 fxg5 47. b4
cxb4 48. cxb4 axb4 49. axb4 h4 50. Ke3 Ng6 51. Bf7 Nf4 52. g3 Ng2+ 53. Ke2 Kb6
54. Bd5 h3 55. Kf1 Kb5 56. Bxg2 hxg2+ 57. Kxg2 Kxb4 58. Kf3 Kc5 59. Ke4 Kd6 60.
Kf5 Kd5 61. Kxg5 Ke6 62. g4 e4 63. Kf4 Kd5 64. g5 1-0

[Event "GBR-ch105 Major Open"]
[Site "Hull"]
[Date "2018.07.31"]
[Round "4"]
[White "Volovich, Julia"]
[Black "Vleeshhouwer, Douglas"]
[Result "1/2-1/2"]
[WhiteElo "1651"]
[BlackElo "1946"]
[PlyCount "46"]
[EventDate "2018.07.28"]
[EventType "swiss"]
[EventRounds "9"]
[EventCountry "GBR"]
[SourceTitle "CBM 185 Extra"]
[Source "ChessBase"]
[SourceDate "2018.06.29"]
[SourceVersion "1"]
[SourceVersionDate "2018.06.29"]
[SourceQuality "1"]

1. d4 Nf6 2. c4 g6 3. f3 Bg7 4. e4 d6 5. Nc3 O-O 6. Be3 e5 7. d5 a5 8. Nge2 Na6
9. Qd2 Nc5 10. O-O-O a4 11. g4 a3 12. b3 Bd7 13. Bg5 Qc8 14. h4 Bxg4 15. Bxf6
Bxf6 16. fxg4 Qxg4 17. Bh3 Qxh4 18. Rdg1 Nxe4 19. Nxe4 Qxe4 20. Bg2 Qf5 21. Bh3
Qe4 22. Bg2 Qf5 23. Bh3 Qe4 1/2-1/2

[Event "GBR-ch105 Major Open"]
[Site "Hull"]
[Date "2018.07.31"]
[Round "4"]
[White "Willow, Jonah B"]
[Black "Garnett, John S"]
[Result "1-0"]
[WhiteElo "2265"]
[BlackElo "1916"]
[PlyCount "87"]
[EventDate "2018.07.28"]
[EventType "swiss"]
[EventRounds "9"]
[EventCountry "GBR"]
[SourceTitle "CBM 185 Extra"]
[Source "ChessBase"]
[SourceDate "2018.06.29"]
[SourceVersion "1"]
[SourceVersionDate "2018.06.29"]
[SourceQuality "1"]

1. e4 d5 2. Nc3 d4 3. Nce2 e5 4. Ng3 Be6 5. Nf3 f6 6. c3 c5 7. Bb5+ Nd7 8. Qe2
Qc8 9. O-O Bd6 10. b4 dxc3 11. dxc3 Ne7 12. Rd1 Bb8 13. Nf5 Nxf5 14. exf5 Bxf5
15. Nh4 Be6 16. Qh5+ Ke7 17. Be3 Bd6 18. Rd2 Nb6 19. Qd1 Bc4 20. Rxd6 Bxb5 21.
Bxc5 Kf7 22. Qh5+ g6 23. Qf3 Nd7 24. Qd5+ Kg7 25. Be3 Bc6 26. Qd3 b5 27. a4 a6
28. axb5 Bxb5 29. c4 Bc6 30. b5 axb5 31. Rxa8 Qxa8 32. Rxd7+ Bxd7 33. Qxd7+ Kg8
34. h3 h5 35. Qe6+ Kg7 36. Qe7+ Kg8 37. Qxf6 Rh7 38. cxb5 Qe8 39. Qxg6+ Qxg6
40. Nxg6 e4 41. b6 Rb7 42. Nf4 Kf7 43. Nxh5 Kg6 44. Ng3 1-0

[Event "GBR-ch105 Major Open"]
[Site "Hull"]
[Date "2018.08.01"]
[Round "5"]
[White "Brewer, Callum D"]
[Black "Willow, Jonah B"]
[Result "0-1"]
[WhiteElo "2064"]
[BlackElo "2265"]
[PlyCount "102"]
[EventDate "2018.07.28"]
[EventType "swiss"]
[EventRounds "9"]
[EventCountry "GBR"]
[SourceTitle "CBM 185 Extra"]
[Source "ChessBase"]
[SourceDate "2018.06.29"]
[SourceVersion "1"]
[SourceVersionDate "2018.06.29"]
[SourceQuality "1"]

1. e4 c5 2. c3 Nf6 3. e5 Nd5 4. d4 cxd4 5. Nf3 g6 6. Qxd4 Nc7 7. Bc4 Bg7 8. Qh4
Nc6 9. Bh6 Kf8 10. Qf4 Ne6 11. Bxe6 dxe6 12. Nbd2 Kg8 13. O-O-O Bxh6 14. Qxh6
Qf8 15. Qf4 b6 16. Nc4 Ba6 17. Rd7 Rc8 18. Ne3 Qe8 19. Rd2 Kg7 20. h4 h6 21.
Rhd1 Rd8 22. Nd4 Nxd4 23. Rxd4 Rxd4 24. Qxd4 Bb5 25. f4 Qc6 26. g4 h5 27. f5
Qf3 28. fxg6 fxg6 29. gxh5 Rxh5 30. c4 Bc6 31. Rf1 Qe4 32. Qxe4 Bxe4 33. Rf4
Bc6 34. Kd2 Rxe5 35. Kd3 Ra5 36. a3 e5 37. Rf2 e4+ 38. Kd4 Rh5 39. Rg2 e6 40.
Rg4 e5+ 41. Kc3 Kf6 42. c5 bxc5 43. Kc4 g5 44. Kxc5 Rxh4 45. Rg1 Bb7 46. Kd6
Rh3 47. Ng4+ Kf5 48. Nxe5 Rh6+ 49. Kc7 Kxe5 50. Kxb7 Rh7+ 51. Kc6 Rg7 0-1

[Event "GBR-ch105 Major Open"]
[Site "Hull"]
[Date "2018.08.01"]
[Round "5"]
[White "Collins, Jonathan L"]
[Black "Salmons, Calum"]
[Result "1-0"]
[WhiteElo "1804"]
[BlackElo "1923"]
[PlyCount "83"]
[EventDate "2018.07.28"]
[EventType "swiss"]
[EventRounds "9"]
[EventCountry "GBR"]
[SourceTitle "CBM 185 Extra"]
[Source "ChessBase"]
[SourceDate "2018.06.29"]
[SourceVersion "1"]
[SourceVersionDate "2018.06.29"]
[SourceQuality "1"]

1. e4 c5 2. Ne2 d6 3. g3 Nc6 4. Bg2 g6 5. c3 Bg7 6. O-O e6 7. Na3 Nge7 8. Nc2
O-O 9. d4 cxd4 10. Ncxd4 a6 11. Be3 b5 12. Nxc6 Nxc6 13. e5 d5 14. f4 a5 15.
Nd4 Nxd4 16. Bxd4 Ba6 17. Re1 b4 18. Qd2 bxc3 19. Bxc3 a4 20. Bf1 Qd7 21. Bxa6
Rxa6 22. Bb4 Rb8 23. Bd6 Qa7+ 24. Kh1 Rxd6 25. exd6 Rxb2 26. Qe3 d4 27. Qf3 Qd7
28. Reb1 Rxb1+ 29. Rxb1 Qxd6 30. Qa8+ Bf8 31. Qxa4 Qd5+ 32. Kg1 Bc5 33. h4 Qf3
34. Kh2 d3 35. Qd1 Qf2+ 36. Kh3 d2 37. Rb2 Be3 38. a4 f5 39. a5 e5 40. Rb7 exf4
41. Qb3+ Kh8 42. Qc3+ 1-0

[Event "GBR-ch105 Major Open"]
[Site "Hull"]
[Date "2018.08.01"]
[Round "5"]
[White "Cowan, Richard M"]
[Black "Forster, Matthew"]
[Result "1-0"]
[WhiteElo "1865"]
[BlackElo "1940"]
[PlyCount "83"]
[EventDate "2018.07.28"]
[EventType "swiss"]
[EventRounds "9"]
[EventCountry "GBR"]
[SourceTitle "CBM 185 Extra"]
[Source "ChessBase"]
[SourceDate "2018.06.29"]
[SourceVersion "1"]
[SourceVersionDate "2018.06.29"]
[SourceQuality "1"]

1. e4 c5 2. Nc3 Nc6 3. d3 g6 4. Be3 d6 5. g3 Bg7 6. Bg2 Rb8 7. Qd2 b5 8. Nge2
b4 9. Nd1 Nd4 10. h3 h5 11. f4 e5 12. c3 Nxe2 13. Qxe2 Ne7 14. O-O O-O 15. f5
gxf5 16. Qxh5 fxe4 17. dxe4 f5 18. exf5 Bxf5 19. Bg5 Qe8 20. Qe2 Be6 21. Rxf8+
Bxf8 22. Ne3 Qg6 23. h4 bxc3 24. b3 Rb4 25. Rc1 e4 26. Kh2 d5 27. Rf1 Nf5 28.
Ng4 Nd4 29. Qf2 Bg7 30. Nf6+ Kh8 31. Qf4 Nf3+ 32. Bxf3 exf3 33. Qxf3 Bh6 34.
Nxd5 Bxd5 35. Bf6+ Bg7 36. Bxg7+ Kxg7 37. Qxd5 Rd4 38. Qe5+ Kh7 39. Qe7+ Kh6
40. Rf6 c2 41. Rxg6+ Kxg6 42. Qxc5 1-0

[Event "GBR-ch105 Major Open"]
[Site "Hull"]
[Date "2018.08.01"]
[Round "5"]
[White "Davis, Holden"]
[Black "Ramaiya, Anshu"]
[Result "0-1"]
[WhiteElo "1782"]
[BlackElo "1846"]
[PlyCount "54"]
[EventDate "2018.07.28"]
[EventType "swiss"]
[EventRounds "9"]
[EventCountry "GBR"]
[SourceTitle "CBM 185 Extra"]
[Source "ChessBase"]
[SourceDate "2018.06.29"]
[SourceVersion "1"]
[SourceVersionDate "2018.06.29"]
[SourceQuality "1"]

1. e4 c5 2. d4 cxd4 3. c3 Nf6 4. e5 Nd5 5. Nf3 Nc6 6. cxd4 d6 7. a3 Bg4 8. Bc4
e6 9. Qb3 Nb6 10. Bb5 d5 11. Bg5 Be7 12. Bxe7 Qxe7 13. Nbd2 O-O 14. O-O Rfc8
15. Rfc1 h6 16. Bd3 f6 17. h3 Bh5 18. exf6 Qxf6 19. Re1 Rf8 20. g4 Be8 21. Bb1
Nxd4 22. Qd3 Nxf3+ 23. Nxf3 g6 24. Re3 Nc4 25. Kg2 Nxe3+ 26. Kg3 Qxf3+ 27. Kh4
Ng2# 0-1